000 00645nam a2200241Ia 4500
005 20260430150651.0
008 008 250103s9999 xx 000 0 eng d
037 _aTheses
040 _aCRL
040 _beng
040 _ceng
041 _2eng
041 _aeng
084 _qCRL
100 _aChaurasiya Neema Au.; Sinha Shobha Gu.; Saxena Sadhna Gu.
_91238153
245 0 _aAnalysing Linguistic Marginalisation in Indian Higher Education
260 _c2023
300 _a275p.
650 _aChemistry
700 _aUniversity of Delhi. Faculty of Education. Deptt. of Education
942 _cTH
999 _c1850342
_d1850342